1936 1639 1365 1332 1346 1530 1950 1691 1468 1596 1755 1234 1631 1618 1901 1150 1360 1949 1249 1926 1303 1166 1445 1376 1139 1462 1137 1154 1041 1072 1514 1779 1011 1600 1006 1857 1982 1563 1881 1339 1911 1914 1499 1816 1841 1482 1110 1228 1987 1383 1353 1304 1262 1761 1806 1162 1903 1765 1144 1942 1469 1339 1684 1702 1395 1665 1324 1083 1835 1730 1946 1356 1969 1249 1701 1097 1614 1749 1003 1969 1536 1147 1602 1446 1075 1076 1067 1869 1553 1149 1308 1423 1683 1220 1623 1084 1823 1018 1463 BCNSPRNW ULIB Ver.6.0+V

เปลี่ยนเป็นภาษาไทย

Change to English
 แสดงรายละเอียดบรรณานุกรม
  กลับหน้าหลัก

Brief Record : Get Marc (ISO 2709) : E-mail record : QR code < ปิดหน้าต่าง
LEADER : 00000nam 2200000uu 4500
001    13399125132
003     ULIB
008    161005s2559||||th 000 0 tha d
020    ^a9786169137559
060 04 ^aWS125^bภ264ว
100 0  ^aภาวิน พัวพรพงษ์
245 10 ^aเวชปฏิบัติ การเลี้ยงลูกด้วยนมแม่ /^cภาวิน พัวพรพงษ์ และคณะ,บรรณาธิการ
260    ^aนนทบุรี :^bบริษัท บียอนด์ เอ็นเทอร์ไพรช์ จำกัด,^c2559
300    ^a339 หน้า
650  7 ^a Clinical Practice of Breastfeeding
700 0  ^aภาวิน พัวพรพงษ์,^eบรรณาธิการร่วม
700 0  ^aคมกฤช เอี่ยมจิรกุลร,^eบรรณาธิการร่วม
710 2  ^aมูลนิธิศูนย์นมแม่แห่งประเทศไทย
945    ^p0^l0^i001373
945    ^p0^l0^i001374
999    ^aวรรณษา ชูชัยมงคล
รายการนี้ยังไม่มีแท็ก
คุณยังไม่ได้ล็อกอิน คุณสามารถมีกิจกรรมร่วมกับเว็บไซต์ได้ แต่ต้องล็อกอินก่อน ::
  ล็อกอิน

รายการสื่อสารสนเทศ

ลำดับที่ ประเภท เลขเรียก/บาร์โค้ด สถานที่ สถานะ
1. วิทยาศาสตร์การแพทย์ และสุขภาพ
วิทยาศาสตร์การแพทย์ และสุขภาพ
สถานะ=หนังสือเก่า
WS125 ภ264ว ฉ.1 
  Barcode: 001373
ห้องสมุดวิทยาเขตสวรรค์ประชารักษ์
►ส่วนจัดเก็บหนังสือเก่า สปร
บนชั้น
  ขอยืม
2. วิทยาศาสตร์การแพทย์ และสุขภาพ
วิทยาศาสตร์การแพทย์ และสุขภาพ
สถานะ=หนังสือเก่า
WS125 ภ264ว ฉ.2 
  Barcode: 001374
ห้องสมุดวิทยาเขตสวรรค์ประชารักษ์
►ส่วนจัดเก็บหนังสือเก่า สปร
บนชั้น
  ขอยืม

BibComment


ยังไม่เคยถูกคอมเมนท์

คอมเมนท์ทรัพยากรรายการนี้
  คอมเมนท์: เวชปฏิบัติ การเล..


 Copyright 2026. Bcnsprnw @Library